Oululaisia rakennuksia - Statistics

Yleistilastot
  • Tätä visaa on pelattu 81 kertaa
  • Keskiarvotulos 9 / 20
Vastaustilastot
Kuvavisa Hint Vastaus % Oikein
Isokatu 25 Valkea
88%
Rautatienkatu 11A Rautatieasema
83%
Teuvo Pakkalan katu 11 Oulun Energia -areena
82%
Koskikeskus Raatin stadion
70%
Sairaalanrinne 5 Kastellin monitoimitalo
67%
Holstinsalmentie 29 Sokos Hotel Eden
67%
Kajaaninkatu 3 Lyseo
46%
Jokelantie 20 Jatuli
42%
* Intiön vesitorni
36%
Kauppurienkatu 24 Vanha paloasema
36%
Haukipudas Virpiniemen golfkenttä
32%
Paalikatu 21 Toppilan hakesiilo
30%
Rantakatu 4 Uusi Seurahuone
29%
Kirkkokatu 43 De Gamlas Hem
28%
Pakkahuoneenkatu 15 Puistola
25%
Madekoski Turkansaaren kirkko
24%
Palokoskentie 1 Ylikiimingin kirkko
22%
Valtatie 42 Sininen talo
21%
Linnankatu 3 Lääninhallituksen talo
20%
Oulunsalo Varjakansaari
18%
Ehtoja vastaavia visoja ei löytynyt
Tulosjakauma
Jokaisen tuloksen saaneiden osuus
Persentiili vastausten määrän mukaan
Tuloshistoriasi
Et ole pelannut tätä visaa